| 000 | 00832nam0a22002651 4500 | ||
|---|---|---|---|
| 001 | rc\118779 | ||
| 005 | 20250620190301.0 | ||
| 010 |
_a5-88590-657-2 _930000 |
||
| 035 | _a(NLR Aleph) 005376840 | ||
| 090 |
_a7058618 _c7058618 |
||
| 100 | _a20021216d1997 |||y0rusy50 ca | ||
| 101 | 0 | _arus | |
| 102 | _aRU | ||
| 105 | _aa ||||||||| | ||
| 200 | 1 |
_aЛюбительская охота _f[Сост. В.Л. Анощенков _gРед. Г.В. Туфанова] |
|
| 210 |
_aСмоленск _cФирма "Русич" _d1997 |
||
| 215 |
_a587, [4] с., [4] л. ил. _cил. _d21 |
||
| 225 | 1 | _aАзбука быта | |
| 320 | _aБиблиогр.: с. 588 (23 назв.) | ||
| 702 | 1 |
_aАнощенков _bВ.Л. _4220 |
|
| 801 | 0 |
_aRU _bNLR _gpsbo |
|
| 801 | 1 |
_aRU _bELAR _2rusmarc |
|
| 852 |
_aNLR _j97-3/4173 |
||
| 942 | _cBOOK | ||
| 980 | _aNB | ||